| 000 | 01454cam a22002891 4500 | ||
|---|---|---|---|
| 001 | 3115352 | ||
| 003 | OSt | ||
| 005 | 20240422180859.0 | ||
| 008 | 711020s1966 enk b 000 0 eng | ||
| 010 | _a 66025316 | ||
| 040 |
_aDLC _cDLC _dDLC |
||
| 043 | _ae-ur--- | ||
| 050 | 0 | 0 |
_aBF108.R8 _bO3 |
| 082 | 0 | 0 |
_a150/.947 _bPRE |
| 100 | 1 |
_aO'Connor, Neil. _937564 |
|
| 245 | 1 | 0 |
_aPresent-day Russian psychology; _ca symposium by seven authors, edited by Neil O'Connor. |
| 250 | _a[1st ed.] | ||
| 260 |
_aOxford, _aNew York, _bPergamon Press _c[1966] |
||
| 300 |
_axv, 201 p. _c20 cm. |
||
| 490 | 0 | _aThe Commonwealth and international library. Mental health and social medicine division | |
| 504 | _aIncludes bibliographies. | ||
| 505 | 0 | _aEditor's introduction.--Attention, consciousness, and voluntary control of behaviour in Soviet psychology; philosophical roots and research branches, by J. A. Gray.--Psychotherapy in the Soviet Union, by B. H. Kirman.--Some statistical and cybernetic models in recent Soviet psychology, by P. M. A. Rabbitt.--Abnormal psychology in the U.S.S.R., by R. Lynn.--Soviet psycholinguistics, by D. I. Slobin.--Studies on the mental development of the child, by L. Rahmani.--Contemporary Soviet psychology, by J. Brožek. | |
| 650 | 0 |
_aPsychology _zSoviet Union _xHistory. _937566 |
|
| 650 | 0 |
_aPsychology _xStudy and teaching _zSoviet Union. _937565 |
|
| 906 |
_a7 _bcbc _corignew _du _eocip _f19 _gy-gencatlg |
||
| 942 |
_2ddc _cBK |
||
| 999 |
_c82 _d82 |
||